000 00194 a2200085 4500
020 _a9781599953687
100 _a John C. Maxwell
245 _aHOW SUCCESSFUL PEOPLE GROW
260 _bCenter st
_c2014
999 _c13286
_d13286